Vox diccionario manual griego-español

Guardado en:
Detalles Bibliográficos
Autor principal: Pabón Suárez de Urbina, José Manuel (autor)
Formato: Libro
Lenguaje:griego
español
Publicado: Barcelona Bibliograf 1980
Edición:13a. ed
Materias:
Etiquetas: Agregar Etiqueta
Sin Etiquetas, Sea el primero en etiquetar este registro!

MARC

LEADER 00000nam a2200000 a 4500
001 UCL0586
003 CL-VaPUC
008 030728e19800000SP |||||||||||||||||gre|d
041 0 7 |a gre  |2 CL-VaPUC 
041 0 7 |a spa  |2 CL-VaPUC 
082 0 4 |a 483  |b PAB  |2 21 
100 |a Pabón Suárez de Urbina, José Manuel  |e autor  |9 597964 
245 1 0 |a Vox diccionario manual griego-español 
250 |a 13a. ed 
300 |a 711 p 
942 |c BK 
945 |d 20030728 00:00:00  |a cmena 
260 |a Barcelona  |b Bibliograf  |c 1980 
650 7 |a GRIEGO  |2 CL-VaPUC  |9 317586 
650 0 |a Español  |9 255372 
650 0 |a Diccionarios  |9 256200 
583 |a last modification  |c 20030728 00:00:00  |k Rodrigo Vera 
999 |c 304404  |d 304402 
952 |0 0  |1 0  |4 0  |6 483_000000000000000_PAB_1980  |7 0  |8 R  |9 366449  |a BIBEDU  |b BIBEDU  |c MCIRC  |d 2019-11-21  |i 3070832  |l 3  |o 483 PAB 1980  |p 3070832  |r 2025-04-16  |s 2025-04-16  |w 2019-11-21  |y BK_R  |k FIL